1803 1281 1245 1636 1795 1965 1632 1211 1518 1600 1858 1263 1629 1666 1854 1013 1545 1218 1032 1667 1691 1640 1497 1317 1746 1653 1135 1058 1154 1728 1935 1665 1036 1271 1738 1896 1570 1751 1386 1082 1985 1736 1651 1885 1518 1814 1355 1933 1361 1460 1141 1527 1892 1778 1346 1409 1595 1451 1939 1051 1950 1909 1344 1696 1044 1804 1512 1897 1609 1681 1534 1285 1235 1375 1072 1630 1292 1327 1380 1341 1178 1610 1476 1093 1180 1038 1864 1844 1060 1272 1646 1154 1441 1574 1504 1246 1061 1372 1363 BCNSPRNW ULIB Ver.6.0+V

เปลี่ยนเป็นภาษาไทย

Change to English
 แสดงรายละเอียดบรรณานุกรม
  กลับหน้าหลัก

Brief Record : Get Marc (ISO 2709) : E-mail record : QR code < ปิดหน้าต่าง
LEADER : 00000nam 2200000uu 4500
001    13399121605
003     ULIB
008    121126s2549||||th 000 0 tha d
020    ^a9749716272
060 04 ^aWS460^bร654ก
100 0  ^aรุจา ภู่ไพบูลย์
245 10 ^aการสร้างเสริมสุขภาพวัยรุ่นแบบมีส่วนร่วม =^bParticipatoryadolescent health promotion /^cรุจา ภู่ไพบูลย์
246 31 ^aParticipatory adolescent health promotion
250    ^aพิมพ์ครั้งที่ 2
260    ^aกรุงเทพฯ :^bภาควิชาพยาบาลศาสตร์คณะแพทยศาสตร์โรงพยาบาลรามาธิบดี มหาวิทยาลัยมหิดล,^c2549
300    ^a126 หน้า ;^b27 ซม.
650  7 ^aการส่งเสริมสุขภาพ
650  7 ^aวัยรุ่น^xการดูแล
650  7 ^aวัยรุ่น^xสุขภาพและอนามัย
710 2  ^aมหาวิทยาลัยมหิดล. ^bคณะแพทยศาสตร์โรงพยาบาลรามาธิบดี.^bภาควิชาพยาบาลศาสตร์
945    ^p0^l0^i16980
945    ^p0^l0^i16981
995    ^aวิภา
999 ^a ใช้งานได้ทุกระบบ
รายการนี้ยังไม่มีแท็ก
คุณยังไม่ได้ล็อกอิน คุณสามารถมีกิจกรรมร่วมกับเว็บไซต์ได้ แต่ต้องล็อกอินก่อน ::
  ล็อกอิน

รายการสื่อสารสนเทศ

ลำดับที่ ประเภท เลขเรียก/บาร์โค้ด สถานที่ สถานะ
1. วิทยาศาสตร์การแพทย์ และสุขภาพ
วิทยาศาสตร์การแพทย์ และสุขภาพ
WS460 ร654ก  
  Barcode: 16980
ห้องสมุดวิทยาเขตสวรรค์ประชารักษ์
►หนังสือทั่วไป
บนชั้น
2. วิทยาศาสตร์การแพทย์ และสุขภาพ
วิทยาศาสตร์การแพทย์ และสุขภาพ
WS460 ร654ก ฉ.2 
  Barcode: 16981
ห้องสมุดวิทยาเขตสวรรค์ประชารักษ์
►หนังสือทั่วไป
บนชั้น

รายการใกล้เคียง
    ผู้แต่ง [รุจา ภู่ไพบูลย์]

    หัวเรื่อง [การส่งเสริมสุขภาพ]

BibComment


ยังไม่เคยถูกคอมเมนท์

คอมเมนท์ทรัพยากรรายการนี้
  คอมเมนท์: การสร้างเสริมสุข..


 Copyright 2026. Bcnsprnw @Library